• 首页
  • 本馆介绍
  • 公告通知
  • 最新文献
  • 馆藏检索
  • 电子资源
  • 读者导购
  • 参考咨询
  • 我的图书馆
  • 登录
  • 详细信息显示
  • 放入我的书架
  • 预约/预借图书
  • 作者相关作品
  • 分类相关作品
  • 丛书相关作品
  • 出版社相关作品

书目信息

  • 表格格式
  • 工作单格式
  • 卡片格式
题名:
家庭保健药膳制作400法
    
 
作者: 蔡武承 编 ;陈吉雄 编
分册:  
出版信息: 北京   华文出版社  1993.08
页数: 231页
开本: 19cm
丛书名:
单 册:
中图分类: R24
科图分类: 62.193
主题词: 保健-食谱 , 食谱-保健
电子资源:
ISBN: 7-5075-0178-7
000 00734cam0 2200253 45
001 0194004145
005 20071009092111.35
010    @a7-5075-0178-7@dCNY12.00
100    @a19940128d1993 em y0chiy0121 ea
101 0  @achi
102    @aCN@b110000
105    @ay z 000yy
200 1  @a家庭保健药膳制作400法@AJia Ting Bao Jian Yao Shan Zhi Zuo 400 Fa@f蔡武承,陈吉雄等编@FCai Wu Cheng , Chen Ji Xiong Deng Bian
210    @a北京@c华文出版社@d1993.08
215    @a231页@d19cm
606    @a保健-食谱
606    @a食谱-保健
690    @aR24@v4
692    @a62.193
701  0 @a蔡武承@ACai Wu Cheng@4编
702  0 @a陈吉雄@AChen Ji Xiong@4编
801  0 @aCN@bNLC@c20071009
905    @aBZT@dR24@e11
906    @dCNY12.00@n0@r1
    
    家庭保健药膳制作400法/蔡武承,陈吉雄等编.-北京:华文出版社,1993.08
    231页;19cm
    
    
    ISBN 7-5075-0178-7:CNY12.00
    
●
相关链接 在五车中查询图书 在当当中查询图书 在豆瓣中查询图书


正题名:家庭保健药膳制作400法     索取号:R24/11         预约/预借

序号 登录号 条形码 馆藏地/架位号 状态 备注
1 589210   230151347   中心书库中库/ 中库003架A面3列3层16/ [索取号:R24/11] 在馆    
2 589211   230151342   中心书库中库/ 中库003架A面3列3层11/ [索取号:R24/11] 在馆    
3 589212   230151341   中心书库中库/ 中库004架A面1列4层47/ [索取号:R24/11] 在馆    
4 589213   230151340   中心书库中库/ 中库003架B面7列2层78/ [索取号:R24/11] 在馆    
5 589214   230151346   中心书库中库/ 中库003架A面3列3层12/ [索取号:R24/11] 在馆    
6 589215   230151339   中心书库中库/ 中库003架A面3列3层14/ [索取号:R24/11] 在馆    
7 589216   230151338   中心书库中库/ 中库003架A面3列3层17/ [索取号:R24/11] 在馆    
8 589217   230151345   中心书库中库/ 中库003架A面3列3层18/ [索取号:R24/11] 在馆    
9 589218   230151344   中心书库中库/ 中库003架A面3列3层13/ [索取号:R24/11] 在馆    
10 589219   230151343   中心书库中库/ 中库003架A面3列3层15/ [索取号:R24/11] 在馆    
山东省滨州职业学院图书馆 欢迎您!
大连网信软件有限公司© 版权所有